Wonders Of Power Builder 3.0 The Basics (Record no. 293450)

MARC details
000 -LEADER
fixed length control field 00418nam a2200169Ia 4500
008 - FIXED-LENGTH DATA ELEMENTS--GENERAL INFORMATION
fixed length control field 230718s9999 xx 000 0 und d
041 ## - LANGUAGE CODE
Language code of text/sound track or separate title eng
082 ## - DEWEY DECIMAL CLASSIFICATION NUMBER
Classification number 005.4
Item number MUK
100 ## - MAIN ENTRY--PERSONAL NAME
Personal name Mukhis V.
245 ## - TITLE STATEMENT
Title Wonders Of Power Builder 3.0 The Basics
250 ## - EDITION STATEMENT
Edition statement REVISE
260 ## - PUBLICATION, DISTRIBUTION, ETC. (IMPRINT)
Date of publication, distribution, etc. 1994
Name of publisher, distributor, etc. Vision Books
300 ## - PHYSICAL DESCRIPTION
Extent 268
365 ## - TRADE PRICE
Currency code Rs.
Price amount 145.00
700 ## - ADDED ENTRY--PERSONAL NAME
Personal name Mukhis V.
906 ## - LOCAL DATA ELEMENT F, LDF (RLIN)
d B:339611-Mar-1995
c COMP
b 21.75
Holdings
Withdrawn status Lost status Damaged status Not for loan Home library Current library Date acquired Vendor Budget Code Cost, normal purchase price Bill number Full call number Barcode Date last seen Discount Cost, replacement price Bill Date Koha item type Original Barcode
Withdrawn       Cummins College of Engineering for Women Pune Cummins College of Engineering for Women Pune 13/03/1995 Technical Book Services COMP 123.25 3396 005.4 CCEP-BK-4555 18/07/2023 21.75 145.00 11/03/1995 Books 004555